| 000 | 00601nam a2200145Ia 4500 | ||
|---|---|---|---|
| 008 | 140724s9999 xx 000 0 und d | ||
| 050 |
_aRT 81 _b.F798 2010 |
||
| 100 | _aFrancisco, Maria Christina. | ||
| 245 | 4 |
_aThe effectiveness of an instructional video as a supplement on the learning outcomes of first year nursing students in Southville International School and Colleges / _cMaria Christina Francisco. |
|
| 260 |
_aLas PiƱas, Philippines : _bSouthville International School and Colleges, _cc2010. |
||
| 300 |
_a86 p. : _bill. ; _c28 cm. |
||
| 521 | _aNursing | ||
| 942 | _cTH | ||
| 999 |
_c229153 _d229153 |
||